Football Clubs by city - Premier League - Statistics

General Stats
  • This quiz has been taken 57 times
  • The average score is 16 of 20
Answer Stats
City Football Club % Correct
Bournemouth A.F.C. Bournemouth
96%
London Arsenal F.C.
92%
Liverpool Liverpool F.C.
92%
Manchester Manchester City F.C.
92%
Greater Manchester Manchester United F.C.
92%
Leicester Leicester City F.C.
90%
Southampton Southampton F.C
90%
Leeds Leeds United
88%
Liverpool Everton F.C.
87%
Newcastle upon Tyne Newcastle United F.C.
87%
Nottingham Nottingham Forest F.C.
87%
West London Chelsea F.C.
85%
London Tottenham Hotspur F.C.
85%
East London West Ham United F.C.
85%
Wolverhampton Wolverhampton Wanderers F.C.
85%
Birmingham Aston Villa F.C.
81%
South London Crystal Palace F.C.
71%
London Fulham F.C.
65%
West London Brentford F.C.
63%
Brighton and Hove Brighton & Hove Albion F.C.
31%
No matching quizzes found
Score Distribution
Percent of People with Each Score
Percentile by Number Answered
Your Score History
You have not taken this quiz